000 00930nas a2200253 4500
001 BR8205432
003 BR-BrBNA
005 20231205085251.0
007 ta
008 230509b bl.|||p| |||| 00| 00por d
040 _aBR-BrBNA
_bpor
_cBiblioteca Nacional de Agricultura
041 _a(Pt)
072 _aS10
100 1 _aEsteves, M.T. da C. (Escola de Farmacia e Odontologia de Alfenas, MG (Brazil)) Carvalho, V.D. de
245 1 _aModificacoes nos teores de amido, acucares e grau de docura de frutos de seis cultivares de goiabeira (Psidium guajava L.)em diferentes estadios de matruracao [Brasil]
_bParte de tese
650 _aCOMPOSICAO DE ALIMENTO
650 _aGOIABA
650 _aANALISE QUIMICA
650 _aACUCAR
650 _aAMIDO
773 0 _tCiencia e Pratica (Brazil)
_xISSN 0100-3267
_g(Jul 1982), v. 6(2) p. 208-218
_wBR8205432
909 _a202311
_bLúcia
_c55
_dLúcia Elande
942 _2AGRIS
_n0
_cANA
999 _c110356
_d110356